000 00605nam a22002292i 4500
999 _c7537
_d7537
001 7537
003 UkOxU
005 20180211122137.0
008 500101s1957 xxk j 000 0 eng d
035 _aOCLC ocm30200190 from D960206M
040 _aUKM
_cUKM
_dEQO
041 _aeng
082 _a910
_218
_bLAM 1957
100 1 _aLamb, G. F.
_q(Geoffrey Frederick)
245 1 0 _aThrilling exploits of modern adventure /
260 _aHarrap,
_c1957
300 _a219 p. :
_bill. ;
_c19 cm
500 _aFor children. Also available in school ed
650 _aAdventure
942 _2ddc
_cBK